01097 a2200193 4500003000500000005001700005020001500022040000900037082003100046245012400077250000800201260003400209300001200243505050100255650001100756942001200767999001900779952010500798Nust20170207154019.0 a0133943389 cNust a621.3822bProakis, John G. aDigital signal processing: principles and algorithms, applications- (E-BOOK)cJohn G. Proakis and Dimitris M. Manolokis a3rd aNew YorkbPrentice Hallc1996 a1033 p. aIntroduction (Page-1), Discrete Time Signals And Systems (Page-43), The Z-Transform And Its Applications To The Analysis Of LTI Systems (Page-151), Frequency Analysis Of Signals And Systems (Page-230), The Discrete Fourier Transform (Page-394), Efficient Computation Of The DFT (Page-448), Implementation Of Discrete Time Systems (Page-500), Design Of Digital Filters (Page-614), Sampling And Reconstruction Of Signals (Page-738), Multirate DSP (Page-782), Power Spectrum Estimation (Page-896).  aE-BOOK 2ddccBK c191604d191604 00102ddc40708NFICaMCSbMCSd2016-12-12l0o621.3822 PROpMCSEB-864r2016-12-08w2016-12-12yBK